[Event "DEM U10"]
[Site "Willingen"]
[Date "2006.06.09"]
[Round "9.39"]
[White "Puffay, Jana"]
[Black "Schumacher, Wendy"]
[Result "0-1"]
[WhiteElo "733"]
[BlackElo "880"]
[PlyCount "106"]
[EventDate "2006.??.??"]
[EventType "swiss"]
[EventRounds "11"]
[EventCountry "GER"]

1. e4 c6 2. Nc3 d5 3. d3 dxe4 4. dxe4 Qxd1+ 5. Nxd1 e5 6. Nf3 Nf6 7. Nc3 Nbd7
8. Bd3 Bb4 9. Bd2 O-O 10. O-O-O Bc5 11. Rhf1 Rd8 12. Be3 Bxe3+ 13. fxe3 Nc5 14.
Bc4 Be6 15. Rxd8+ Rxd8 16. Bxe6 fxe6 17. Nxe5 Ncxe4 18. Nxe4 Nxe4 19. Rf7 Rd5
20. Rxb7 Rxe5 21. Rxa7 Rf5 22. b3 Rf2 23. a4 Nd6 24. a5 Rf7 25. Ra8+ Rf8 26.
Rxf8+ Kxf8 27. a6 Nc8 28. Kb2 Ke7 29. Ka3 Kd7 30. Ka4 Kc7 31. Ka5 c5 32. c3 Na7
33. b4 Kc6 34. b5+ Nxb5 35. c4 Nc7 36. g4 g5 37. e4 e5 38. h3 h6 39. a7 Kb7 40.
Ka4 Kxa7 41. Kb3 Ka6 42. Ka4 Ne6 43. Ka3 Nf4 44. Kb2 Nxh3 45. Kc2 Nf2 46. Kd2
Nxg4 47. Ke2 h5 48. Kf3 Nh2+ 49. Kg3 Ng4 50. Kf3 Nf6 51. Kg3 h4+ 52. Kh3 Nxe4
53. Kg4 Nd2 0-1

[Event "DEM U10"]
[Site "Willingen"]
[Date "2006.06.09"]
[Round "9.41"]
[White "Kuckling, Hannah"]
[Black "Manusina, Nicole"]
[Result "0-1"]
[WhiteElo "876"]
[BlackElo "1110"]
[PlyCount "44"]
[EventDate "2006.??.??"]
[EventType "swiss"]
[EventRounds "11"]
[EventCountry "GER"]

1. e4 e5 2. Nf3 d6 3. d4 exd4 4. Nxd4 Nf6 5. Nc3 Be7 6. Bd3 O-O 7. O-O Nc6 8.
Nxc6 bxc6 9. h3 Be6 10. Be3 Nd7 11. Qf3 Ne5 12. Qe2 f5 13. Rad1 Qe8 14. Rfe1 f4
15. Bd4 f3 16. Qd2 Qg6 17. g3 Bxh3 18. Bf1 Qg4 19. Kh2 Bxf1 20. Rxf1 Qh5+ 21.
Kg1 Qh3 22. Bxe5 Qg2# 0-1

[Event "DEM U10"]
[Site "Willingen"]
[Date "2006.06.09"]
[Round "9.42"]
[White "Schreiber, Justina"]
[Black "Bakalarz, Bianca"]
[Result "1-0"]
[WhiteElo "855"]
[BlackElo "1033"]
[PlyCount "23"]
[EventDate "2006.??.??"]
[EventType "swiss"]
[EventRounds "11"]
[EventCountry "GER"]

1. e4 c5 2. Nf3 Nc6 3. d4 cxd4 4. Nxd4 g6 5. Nxc6 bxc6 6. Nc3 Bg7 7. Rb1 d6 8.
g3 Bb7 9. Bg2 Rb8 10. Be3 c5 11. O-O e6 12. Qd2 {Zeitüberschreitung} 1-0

[Event "DEM U10"]
[Site "Willingen"]
[Date "2006.06.09"]
[Round "9.44"]
[White "Püschel, Torben"]
[Black "Bajorski, Maria Sophie"]
[Result "0-1"]
[WhiteElo "937"]
[BlackElo "818"]
[PlyCount "72"]
[EventDate "2006.??.??"]
[EventType "swiss"]
[EventRounds "11"]
[EventCountry "GER"]

1. e4 c5 2. b4 d6 3. Nf3 Nf6 4. Bd3 Qc7 5. O-O Nbd7 6. Bb2 e6 7. a3 Be7 8. Nc3
O-O 9. Nb5 Qb8 10. Re1 a6 11. Nc3 b5 12. Na2 Bb7 13. e5 Nd5 14. exd6 Bxd6 15.
Be4 N7f6 16. Bxd5 Nxd5 17. d4 c4 18. Ne5 Bxe5 19. Rxe5 Qc7 20. f3 Rfe8 21. Nc3
Rad8 22. Ne4 f6 23. Rh5 Re7 24. Qd2 e5 25. Qe1 Nf4 26. Rh4 exd4 27. Rc1 f5 28.
Nc5 Rxe1+ 29. Rxe1 d3 30. cxd3 cxd3 31. Nxd3 Nxd3 32. Rb1 Qb6+ 33. Kh1 Nf2+ 34.
Kg1 Nh3+ 35. Kh1 Qg1+ 36. Rxg1 Nf2# 0-1

[Event "DEM U10"]
[Site "Willingen"]
[Date "2006.06.09"]
[Round "9.45"]
[White "Pannier, Lukas"]
[Black "Hirschmann, Jakob"]
[Result "1/2-1/2"]
[WhiteElo "994"]
[BlackElo "1042"]
[PlyCount "42"]
[EventDate "2006.??.??"]
[EventType "swiss"]
[EventRounds "11"]
[EventCountry "GER"]

1. e4 e5 2. Nf3 Nf6 3. Nxe5 Qe7 4. Nf3 Nxe4 5. Qe2 d5 6. Nc3 Nxc3 7. Qxe7+ Bxe7
8. dxc3 O-O 9. Bd3 c5 10. c4 d4 11. O-O Nc6 12. c3 dxc3 13. bxc3 Bg4 14. Re1
Bxf3 15. gxf3 Rad8 16. Bc2 Bf6 17. Bb2 Ne5 18. Re4 Nxf3+ 19. Kg2 Nh4+ 20. Kg1
Nf3+ 21. Kh1 Rd2 1/2-1/2

[Event "DEM U10"]
[Site "Willingen"]
[Date "2006.06.09"]
[Round "9.47"]
[White "Räcke, Geesche"]
[Black "Geise, Maria"]
[Result "1/2-1/2"]
[WhiteElo "970"]
[BlackElo "942"]
[PlyCount "47"]
[EventDate "2006.??.??"]
[EventType "swiss"]
[EventRounds "11"]
[EventCountry "GER"]

1. e4 e5 2. Nf3 Nc6 3. Bc4 Bc5 4. c3 Nf6 5. d4 exd4 6. cxd4 Bb4+ 7. Bd2 Bxd2+
8. Nbxd2 d5 9. exd5 Nxd5 10. O-O O-O 11. Re1 Nf6 12. Ne5 Qxd4 13. Nxc6 bxc6 14.
Rb1 Bf5 15. Ra1 Qxb2 16. Bb3 Qd4 17. Qc1 Rab8 18. Qxc6 Qxd2 19. Qc5 Rb7 20.
Qxf5 h6 21. h3 Rfb8 22. Rad1 Qc3 23. Re7 Rb6 24. Qd3 1/2-1/2

[Event "DEM U10"]
[Site "Willingen"]
[Date "2006.06.09"]
[Round "9.48"]
[White "Klemm, Lisa-Marie"]
[Black "Garbere, Diana"]
[Result "1-0"]
[WhiteElo "795"]
[BlackElo "769"]
[PlyCount "43"]
[EventDate "2006.??.??"]
[EventType "swiss"]
[EventRounds "11"]
[EventCountry "GER"]

1. e4 e5 2. Nf3 Nc6 3. Bc4 Nf6 4. d4 Bd6 5. Bg5 h6 6. Bh4 Be7 7. Nc3 Nxe4 8.
Nxe4 d5 9. Bd3 dxe4 10. Bxe7 Qxe7 11. Bxe4 Qd8 12. d5 Ne7 13. h3 Bf5 14. Bxf5
Nxf5 15. O-O Qf6 16. Re1 O-O-O 17. Nxe5 Rhf8 18. Qd3 Qg5 19. Qc3 Nh4 20. g3 f6
21. d6 fxe5 22. Qxc7# 1-0

[Event "DEM U12"]
[Site "Willingen"]
[Date "2006.06.03"]
[Round "1.1"]
[White "Kaphle, Sebastian"]
[Black "Rafayevych, Vilen"]
[Result "1-0"]
[WhiteElo "2064"]
[BlackElo "1448"]
[PlyCount "129"]
[EventDate "2006.??.??"]
[EventType "swiss"]
[EventRounds "11"]
[EventCountry "GER"]

1. e4 c5 2. Nf3 Nc6 3. d4 cxd4 4. Nxd4 Nf6 5. Nc3 e5 6. Ndb5 h6 7. Nd5 Nxd5 8.
exd5 a6 9. dxc6 axb5 10. cxd7+ Bxd7 11. Qd5 Qc7 12. Bd2 b4 13. Bb5 Rd8 14. Rd1
Bc5 15. Bxd7+ Rxd7 16. Qf3 O-O 17. O-O Rfd8 18. Qe2 Rd5 19. Be3 Bxe3 20. fxe3
Rxd1 21. Rxd1 Rxd1+ 22. Qxd1 Qc5 23. Qd8+ Kh7 24. Qd3+ Kg8 25. Kf2 Qc6 26. c3
bxc3 27. Qxc3 Qxc3 28. bxc3 f5 29. c4 Kf7 30. e4 f4 31. Kf3 h5 32. h4 b6 33. a4
Ke6 34. Ke2 Kd6 35. Kd3 Kc6 36. Kc2 Kd6 37. Kb3 Kc5 38. Kc3 g6 39. Kb3 Kd4 40.
Kb4 Ke3 41. c5 bxc5+ 42. Kxc5 Kf2 43. a5 Kxg2 44. a6 f3 45. a7 f2 46. a8=Q f1=Q
47. Kd5 Qb5+ 48. Ke6 Qb6+ 49. Kxe5 Qb2+ 50. Ke6 Qb6+ 51. Kf7 Qc7+ 52. Kxg6 Qd6+
53. Kxh5 Qe5+ 54. Kg4 Qg7+ 55. Kf5 Qf7+ 56. Ke5 Qe7+ 57. Kd4 Qb4+ 58. Kd5 Qb3+
59. Kd6 Qb4+ 60. Kd7 Qd4+ 61. Qd5 Qa7+ 62. Ke6 Qa6+ 63. Kf7 Qa7+ 64. Kg6 Qe3
65. Qg5+ 1-0

[Event "DEM U12"]
[Site "Willingen"]
[Date "2006.06.03"]
[Round "1.2"]
[White "Fittkau, Nico"]
[Black "Berchtenbreiter, Maximilian"]
[Result "0-1"]
[WhiteElo "1436"]
[BlackElo "1999"]
[PlyCount "52"]
[EventDate "2006.??.??"]
[EventType "swiss"]
[EventRounds "11"]
[EventCountry "GER"]

1. e4 c5 2. Nf3 e6 3. d4 cxd4 4. Nxd4 Qb6 5. Nb3 Qc7 6. Nc3 a6 7. Be2 b5 8. Bf3
Bb7 9. O-O d6 10. Bf4 Nf6 11. e5 dxe5 12. Bxb7 Qxb7 13. Bxe5 b4 14. Bxf6 gxf6
15. Ne2 Rg8 16. Ng3 f5 17. f3 Nc6 18. Qe2 O-O-O 19. Qc4 Qb6+ 20. Kh1 Kb7 21.
Nxf5 exf5 22. Qxf7+ Ne7 23. Rae1 Ka8 24. Rxe7 Bxe7 25. Qxe7 Qf2 26. Rg1 Rd1 0-1

[Event "DEM U12"]
[Site "Willingen"]
[Date "2006.06.03"]
[Round "1.3"]
[White "Wang, Zhangxian"]
[Black "von Schwerin, Clemens"]
[Result "1-0"]
[WhiteElo "1998"]
[BlackElo "1423"]
[PlyCount "95"]
[EventDate "2006.??.??"]
[EventType "swiss"]
[EventRounds "11"]
[EventCountry "GER"]

1. e4 c5 2. Nf3 d6 3. d4 cxd4 4. Nxd4 Nf6 5. Nc3 g6 6. Be3 Bg7 7. f3 O-O 8. Qd2
Nc6 9. Bc4 Nd7 10. O-O-O Nb6 11. Bb3 Na5 12. Qd3 Bd7 13. Kb1 Rc8 14. g4 Nbc4
15. Bc1 Qb6 16. Nd5 Qd8 17. Bg5 Re8 18. h4 h6 19. Bc1 e6 20. Nc3 Qb6 21. h5 g5
22. f4 e5 23. Nd5 Qxd4 24. fxg5 Qxd3 25. cxd3 Nxb3 26. axb3 Nb6 27. Nxb6 axb6
28. gxh6 Bh8 29. g5 Kh7 30. Rhg1 Rg8 31. Rg3 Bb5 32. Rdg1 Rc5 33. b4 Rxc1+ 34.
Kxc1 Be8 35. Kd2 f6 36. g6+ Kxh6 37. Rc1 Bc6 38. b5 Bxb5 39. Rc7 Rg7 40. Rc8
Rxg6 41. Rxg6+ Kxh5 42. Rg1 Bg7 43. Rxg7 Kh6 44. Rg1 Kh7 45. Rcg8 d5 46. R8g2
Be8 47. Rh2+ Bh5 48. Rxh5# 1-0

[Event "DEM U12"]
[Site "Willingen"]
[Date "2006.06.03"]
[Round "1.5"]
[White "Friedrich, Wiede"]
[Black "Schätz, Annika"]
[Result "1-0"]
[WhiteElo "1933"]
[BlackElo "1406"]
[PlyCount "61"]
[EventDate "2006.??.??"]
[EventType "swiss"]
[EventRounds "11"]
[EventCountry "GER"]

1. e4 c5 2. Nf3 d6 3. d4 cxd4 4. Nxd4 Nf6 5. Nc3 g6 6. Be3 Bg7 7. f3 O-O 8. Qd2
Nc6 9. O-O-O Nxd4 10. Bxd4 Be6 11. g4 Rc8 12. Kb1 Qd7 13. h4 b5 14. h5 b4 15.
Nd5 Bxd5 16. exd5 Rfe8 17. hxg6 fxg6 18. g5 Nh5 19. Bh3 Qc7 20. Be6+ Kh8 21.
Bxc8 Rxc8 22. f4 Qd7 23. Bxg7+ Nxg7 24. Qxb4 Qf5 25. Rh2 Qd7 26. Qe4 Qe8 27.
Rdh1 Nh5 28. f5 Qf7 29. fxg6 Qxg6 30. Qg4 Rf8 31. Rxh5 1-0

[Event "DEM U12"]
[Site "Willingen"]
[Date "2006.06.03"]
[Round "1.6"]
[White "Maier, Florian"]
[Black "Zimmermann, Gordon"]
[Result "0-1"]
[WhiteElo "1404"]
[BlackElo "1920"]
[PlyCount "118"]
[EventDate "2006.??.??"]
[EventType "swiss"]
[EventRounds "11"]
[EventCountry "GER"]

1. d4 Nf6 2. Nf3 g6 3. Bf4 Bg7 4. e3 O-O 5. h3 d6 6. Bc4 c5 7. c3 Qc7 8. Qb3 h6
9. Nbd2 Nbd7 10. O-O Rb8 11. a4 a6 12. Rfe1 b6 13. e4 e5 14. dxe5 dxe5 15. Bh2
Bb7 16. Rad1 Ne8 17. Nf1 Nd6 18. Bd5 c4 19. Qc2 Bxd5 20. Rxd5 Nb7 21. Red1 Nbc5
22. Ne1 Rfe8 23. b4 cxb3 24. Qd2 Nf6 25. Rxc5 bxc5 26. f3 Red8 27. Qe2 c4 28.
Ne3 Qc5 29. Kh1 Rdc8 30. Bg1 Nh5 31. Bf2 Nf4 32. Qb2 Qa5 33. Nd5 Nxd5 34. Rxd5
Qxa4 35. Bc5 Qa2 36. Ba3 Bf8 37. Rd2 Qxa3 38. g3 Qxb2 39. Rxb2 Ba3 40. Rb1 Rd8
41. Ng2 Rd2 42. Ne3 Rc8 43. Nd1 Rc2 44. Kg1 Rc1 45. Rxc1 Bxc1 46. Kf1 Rd8 47.
Ke1 a5 48. f4 a4 49. fxe5 a3 50. e6 fxe6 51. e5 Rxd1+ 52. Kxd1 a2 53. g4 a1=Q
54. g5 Qb2 55. Ke1 Qd2+ 56. Kf1 Ba3 57. gxh6 Bc5 58. h7+ Kh8 59. h4 Qf2# 0-1

[Event "DEM U12"]
[Site "Willingen"]
[Date "2006.06.03"]
[Round "1.8"]
[White "Alber, Alexander"]
[Black "Bräuer, Franz"]
[Result "0-1"]
[WhiteElo "1398"]
[BlackElo "1878"]
[PlyCount "104"]
[EventDate "2006.??.??"]
[EventType "swiss"]
[EventRounds "11"]
[EventCountry "GER"]

1. Nf3 d5 2. d4 Nf6 3. e3 e6 4. c4 c6 5. Nc3 Nbd7 6. Bd3 Be7 7. O-O dxc4 8.
Bxc4 b5 9. Bd3 a6 10. e4 Bb7 11. Be3 c5 12. d5 exd5 13. exd5 c4 14. Be4 O-O 15.
Qc2 Nxe4 16. Qxe4 Nf6 17. Qe5 Re8 18. Bg5 Nxd5 19. Nxd5 Bxg5 20. Qxg5 Qxg5 21.
Nxg5 Bxd5 22. Rad1 Rad8 23. Rfe1 Bc6 24. h3 Rxe1+ 25. Rxe1 f6 26. Nf3 Kf7 27.
Kf1 Rd7 28. Re3 Bxf3 29. gxf3 Rd2 30. Re2 Rxe2 31. Kxe2 Ke6 32. Kd2 Kd5 33. Kc3
a5 34. a3 Kc5 35. b4+ cxb3 36. Kxb3 Kd4 37. Kc2 g5 38. Kd2 b4 39. a4 b3 40. Kc1
Kc3 41. f4 gxf4 42. h4 b2+ 43. Kb1 Kb3 44. h5 Ka3 45. h6 f3 46. Kc2 Ka2 47. Kd3
b1=Q+ 48. Ke3 Qf5 49. Kd2 Qe4 50. Kd1 Qe2+ 51. Kc1 Kb3 52. Kb1 Qd1# 0-1

[Event "DEM U12"]
[Site "Willingen"]
[Date "2006.06.03"]
[Round "1.9"]
[White "Hager, Joshua Aarash"]
[Black "Quaschner, Manuel"]
[Result "1-0"]
[WhiteElo "1872"]
[BlackElo "1394"]
[PlyCount "65"]
[EventDate "2006.??.??"]
[EventType "swiss"]
[EventRounds "11"]
[EventCountry "GER"]

1. d4 g6 2. c4 Bg7 3. Nc3 d6 4. e4 e5 5. d5 f5 6. Nf3 Nf6 7. Bd3 Na6 8. b4 Bd7
9. Qb3 Qe7 10. Nd2 Ng4 11. Nf3 Nf6 12. Ba3 Ng4 13. c5 dxc5 14. Bxa6 bxa6 15.
bxc5 c6 16. Qb7 Rd8 17. dxc6 Bc8 18. Qxe7+ Kxe7 19. Nd5+ Rxd5 20. exd5 e4 21.
d6+ Kd8 22. Rd1 exf3 23. gxf3 Ne5 24. d7 Nxc6 25. dxc8=Q+ Kxc8 26. O-O Rd8 27.
Rxd8+ Kxd8 28. Rd1+ Kc7 29. Kg2 f4 30. Bc1 g5 31. Rd5 h6 32. Rf5 Kd8 33. Rf7
1-0

[Event "DEM U12"]
[Site "Willingen"]
[Date "2006.06.03"]
[Round "1.10"]
[White "Orhan, Eda"]
[Black "Kotainy, Jens"]
[Result "0-1"]
[WhiteElo "1391"]
[BlackElo "1835"]
[PlyCount "44"]
[EventDate "2006.??.??"]
[EventType "swiss"]
[EventRounds "11"]
[EventCountry "GER"]

1. e4 c5 2. Nf3 e6 3. d4 cxd4 4. Nxd4 Bc5 5. Nb3 Bb6 6. Bd3 Nc6 7. O-O Nge7 8.
Bd2 O-O 9. Qe2 f5 10. Kh1 fxe4 11. Bxe4 d5 12. Bd3 e5 13. c3 e4 14. Bc2 Ne5 15.
h3 Qd6 16. Be3 Bxh3 17. Bxb6 axb6 18. Qh5 Bg4 19. Qh2 Rf6 20. Kg1 Rh6 21. Qg3
Nf5 22. Qf4 Nf3+ 0-1

[Event "DEM U12"]
[Site "Willingen"]
[Date "2006.06.03"]
[Round "1.11"]
[White "Zier, Oliver"]
[Black "Barzen, Pascal"]
[Result "1-0"]
[WhiteElo "1823"]
[BlackElo "1390"]
[PlyCount "75"]
[EventDate "2006.??.??"]
[EventType "swiss"]
[EventRounds "11"]
[EventCountry "GER"]

1. d4 Nf6 2. c4 e6 3. Nc3 Bb4 4. Bg5 h6 5. Bh4 c5 6. d5 d6 7. e3 Bxc3+ 8. bxc3
g5 9. Bg3 e5 10. Qc2 h5 11. h3 h4 12. Bh2 g4 13. hxg4 Nxg4 14. Nf3 Qf6 15. Be2
Bf5 16. e4 Bd7 17. Qb2 b6 18. a4 Na6 19. a5 Nc7 20. axb6 axb6 21. Rxa8+ Nxa8
22. Qa3 Ke7 23. Bd1 Qg6 24. Bc2 Nf6 25. Bg3 Nc7 26. Nxh4 Qg7 27. Qa7 Rc8 28.
Ba4 Qg5 29. Bd1 Nxe4 30. Nf3 Qc1 31. Bh4+ Nf6 32. Qxb6 Bg4 33. Bxf6+ Kxf6 34.
Qxd6+ Kg7 35. Qxe5+ f6 36. Qe7+ Kg8 37. Qh7+ Kf8 38. Qh6+ 1-0

[Event "DEM U12"]
[Site "Willingen"]
[Date "2006.06.03"]
[Round "1.12"]
[White "Schmitt, Katrin"]
[Black "Braun, Georg"]
[Result "0-1"]
[WhiteElo "1380"]
[BlackElo "1774"]
[PlyCount "82"]
[EventDate "2006.??.??"]
[EventType "swiss"]
[EventRounds "11"]
[EventCountry "GER"]

1. e4 c5 2. Nf3 d6 3. d4 cxd4 4. Nxd4 Nf6 5. Nc3 g6 6. Be2 Bg7 7. O-O O-O 8.
Be3 Nc6 9. Qd2 Bd7 10. Rad1 Rc8 11. a3 Ne5 12. h3 a6 13. a4 Nc4 14. Bxc4 Rxc4
15. b3 Rc8 16. Nde2 Bc6 17. f3 Qc7 18. Kh1 Rfd8 19. Qe1 d5 20. Bf4 e5 21. exd5
Nxd5 22. Bg3 Ne3 23. Rxd8+ Rxd8 24. Rg1 Nxc2 25. Qc1 Nb4 26. Ne4 Qe7 27. N2c3
f5 28. Nd2 Nd3 29. Qc2 f4 30. Be1 Qc5 31. Nc4 b5 32. axb5 axb5 33. Nd2 b4 34.
Ndb1 bxc3 35. Nxc3 Nxe1 36. Rxe1 e4 37. Qa2 Qxc3 38. b4+ Bd5 39. Qb1 exf3 40.
gxf3 Qxf3+ 41. Kg1 Qg2# 0-1

[Event "DEM U12"]
[Site "Willingen"]
[Date "2006.06.03"]
[Round "1.13"]
[White "Sarchisov, Slavik"]
[Black "Böhme, Lasse"]
[Result "1-0"]
[WhiteElo "1695"]
[BlackElo "1378"]
[PlyCount "91"]
[EventDate "2006.??.??"]
[EventType "swiss"]
[EventRounds "11"]
[EventCountry "GER"]

1. e4 e6 2. d4 d5 3. Nd2 c5 4. exd5 Qxd5 5. dxc5 Bxc5 6. Ngf3 Nf6 7. Bc4 Qd8 8.
O-O O-O 9. Qe2 Nc6 10. Nb3 Bd6 11. Rd1 Qc7 12. h3 Rd8 13. Nbd4 Nxd4 14. Nxd4 a6
15. a4 Bd7 16. Bg5 Be7 17. b3 h6 18. Bh4 Re8 19. Rd2 Bc6 20. Bg3 Qb6 21. Nxc6
Qxc6 22. f3 Rad8 23. Rad1 Rxd2 24. Rxd2 Rd8 25. Rxd8+ Bxd8 26. Qe5 Bb6+ 27. Kh2
Qc5 28. Qxc5 Bxc5 29. c3 a5 30. Bc7 b6 31. b4 axb4 32. cxb4 Bxb4 33. Bxb6 Nd7
34. Bc7 Bc5 35. Bb5 Nf6 36. Bc6 Kf8 37. Bd8 Nd5 38. Bd7 Ne3 39. Bb5 Nd5 40. a5
Ba7 41. Bc6 h5 42. Bxd5 exd5 43. Bb6 Bb8+ 44. Kg1 Ke7 45. a6 Kd7 46. a7 1-0

[Event "DEM U12"]
[Site "Willingen"]
[Date "2006.06.03"]
[Round "1.14"]
[White "Gruber, Roland"]
[Black "Wittke, Rene"]
[Result "0-1"]
[WhiteElo "1368"]
[BlackElo "1687"]
[PlyCount "134"]
[EventDate "2006.??.??"]
[EventType "swiss"]
[EventRounds "11"]
[EventCountry "GER"]

1. e4 e5 2. Nf3 Nf6 3. Nxe5 d6 4. Nf3 Nxe4 5. Qe2 Qe7 6. d3 Nf6 7. Bg5 Nbd7 8.
Nc3 h6 9. Bh4 g5 10. Bg3 Nb6 11. Qxe7+ Bxe7 12. Nb5 Nbd5 13. c4 Bd7 14. Nbd4
Nb6 15. Be2 O-O-O 16. O-O Nh7 17. Rfe1 Bf6 18. Rab1 g4 19. Bh4 gxf3 20. Bxf6
Nxf6 21. Bxf3 Rde8 22. h3 Re5 23. Rxe5 dxe5 24. Nb3 Bf5 25. Rd1 Rd8 26. Be2 Na4
27. Rd2 a6 28. Kf1 e4 29. d4 e3 30. fxe3 Ne4 31. Rd1 Nxb2 32. Rc1 Na4 33. Ke1
Nac3 34. a3 Nxe2 35. Kxe2 Re8 36. Nd2 Nxd2 37. Kxd2 Be4 38. g3 Rg8 39. Rg1 Kd7
40. Kc3 f5 41. Kd2 Ke6 42. Ke2 h5 43. h4 c5 44. Kd2 cxd4 45. exd4 f4 46. Re1
Kf5 47. gxf4 Kxf4 48. Rf1+ Bf3 49. Kd3 Rg3 50. d5 Kg4 51. Kd4 Kxh4 52. Ke5 Kh3
53. d6 Kg2 54. d7 Rg8 55. Rb1 Rd8 56. Kd6 Bc6 57. Rb2+ Kg3 58. Rb3+ Kg4 59. Ke7
Rxd7+ 60. Ke6 h4 61. Rb1 h3 62. Rg1+ Kf3 63. Rf1+ Kg2 64. Rf8 Rg7 65. Kf6 Rg3
66. Rd8 h2 67. Rd2+ Kh3 0-1

[Event "DEM U12"]
[Site "Willingen"]
[Date "2006.06.03"]
[Round "1.15"]
[White "Kropman, Alexei"]
[Black "Grzeca, Pascal"]
[Result "1-0"]
[WhiteElo "1669"]
[BlackElo "1359"]
[PlyCount "81"]
[EventDate "2006.??.??"]
[EventType "swiss"]
[EventRounds "11"]
[EventCountry "GER"]

1. c4 e5 2. Nc3 Bc5 3. e4 d6 4. d3 Nf6 5. h3 h6 6. Nge2 Bd4 7. g3 O-O 8. Bg2 c5
9. O-O Nc6 10. Kh2 Be6 11. f4 a6 12. f5 Bd7 13. g4 Nxg4+ 14. hxg4 Qh4+ 15. Bh3
Bf2 16. Kg2 Bd4 17. Nxd4 Nxd4 18. Ne2 Ba4 19. b3 Bc6 20. Nxd4 cxd4 21. Qe1 Qxe1
22. Rxe1 f6 23. Bd2 Rac8 24. Ba5 b5 25. Rab1 Rf7 26. Rec1 bxc4 27. bxc4 Rb7 28.
Rxb7 Bxb7 29. Rb1 Bc6 30. Rb6 Ba4 31. Kg3 Bc2 32. Bf1 Kh7 33. Rxd6 Rb8 34. Rb6
Rc8 35. Kf2 Bd1 36. Be2 Bxe2 37. Kxe2 h5 38. gxh5 Kh6 39. Rxa6 Rb8 40. Bd2+
Kxh5 41. Ra7 1-0

[Event "DEM U12"]
[Site "Willingen"]
[Date "2006.06.03"]
[Round "1.16"]
[White "Gerntke, Oliver"]
[Black "Klek, Hanna-Marie"]
[Result "0-1"]
[WhiteElo "1352"]
[BlackElo "1668"]
[PlyCount "78"]
[EventDate "2006.??.??"]
[EventType "swiss"]
[EventRounds "11"]
[EventCountry "GER"]

1. d4 d5 2. c4 dxc4 3. e4 e5 4. d5 Bb4+ 5. Bd2 Bxd2+ 6. Nxd2 Nf6 7. Bxc4 c6 8.
Qb3 O-O 9. Ngf3 Qe7 10. O-O Rd8 11. a4 Nfd7 12. Rfe1 Nb6 13. dxc6 Nxc6 14. a5
Nxc4 15. Nxc4 Be6 16. Qc3 f6 17. a6 Rac8 18. axb7 Qxb7 19. Na5 Nxa5 20. Qxa5
Rd7 21. Qa6 Qxa6 22. Rxa6 Kf7 23. h3 Rb8 24. Rea1 Rbb7 25. R1a4 Bb3 26. Ra3 Bc2
27. b4 Bxe4 28. b5 Bd3 29. R6a5 Bxb5 30. Kh2 a6 31. Kg3 Ke6 32. Nh4 Rd3+ 33.
Rxd3 Bxd3 34. Nf3 Bb5 35. h4 Rd7 36. h5 Rd3 37. Kh4 e4 38. Nh2 Rd4 39. g4 Ra4
0-1

[Event "DEM U12"]
[Site "Willingen"]
[Date "2006.06.03"]
[Round "1.18"]
[White "Spangenberg, Romy"]
[Black "Wendling, Florian"]
[Result "0-1"]
[WhiteElo "1344"]
[BlackElo "1628"]
[PlyCount "82"]
[EventDate "2006.??.??"]
[EventType "swiss"]
[EventRounds "11"]
[EventCountry "GER"]

1. e4 c5 2. Nf3 d6 3. d4 cxd4 4. Nxd4 Nf6 5. Nc3 a6 6. Be2 e6 7. Be3 Be7 8. O-O
O-O 9. Qd2 Nc6 10. Rfd1 Qc7 11. Nf3 Rd8 12. Bd3 Ng4 13. Bg5 h6 14. Bxe7 Qxe7
15. h3 Nf6 16. Qe3 b5 17. e5 dxe5 18. Nxe5 Bb7 19. Nxc6 Bxc6 20. Ne4 Rac8 21.
c3 Nd5 22. Qf3 e5 23. c4 Nf4 24. Qe3 Nxd3 25. Rxd3 Rxd3 26. Qxd3 Rd8 27. Qe2
Rd4 28. Nd2 Bxg2 29. cxb5 Bxh3 30. Qf3 Qg5+ 31. Kh2 Bc8 32. Ne4 Qh4+ 33. Kg1
Rxe4 34. Rc1 Qg5+ 35. Kf1 Qxc1+ 36. Kg2 Rg4+ 37. Kh3 Qf1+ 38. Kh2 Qg1+ 39. Kh3
Rf4+ 40. Qg4 Bxg4+ 41. Kh4 Qh2# 0-1

[Event "DEM U12"]
[Site "Willingen"]
[Date "2006.06.03"]
[Round "1.19"]
[White "Müller, Tobias"]
[Black "Weber, Max"]
[Result "1/2-1/2"]
[WhiteElo "1620"]
[BlackElo "1333"]
[PlyCount "30"]
[EventDate "2006.??.??"]
[EventType "swiss"]
[EventRounds "11"]
[EventCountry "GER"]

1. e4 e6 2. d4 d5 3. exd5 exd5 4. Bd3 Nf6 5. h3 Bd6 6. Ne2 O-O 7. O-O Re8 8.
Bf4 Bxf4 9. Nxf4 Qd6 10. Ne2 Nc6 11. c3 Bd7 12. Nd2 Re7 13. Ng3 Rae8 14. Qc2
Qf4 15. Nf3 Qd6 1/2-1/2

[Event "DEM U12"]
[Site "Willingen"]
[Date "2006.06.03"]
[Round "1.20"]
[White "Sancar, Alina"]
[Black "Pfeiffer, Daniel"]
[Result "1-0"]
[WhiteElo "1330"]
[BlackElo "1606"]
[PlyCount "81"]
[EventDate "2006.??.??"]
[EventType "swiss"]
[EventRounds "11"]
[EventCountry "GER"]

1. e4 d5 2. exd5 Nf6 3. Nf3 Nxd5 4. d4 Bg4 5. Be2 e6 6. O-O Nd7 7. c4 N5b6 8.
b3 Nf6 9. Nc3 c6 10. Bf4 Bb4 11. Qd3 Bf5 12. Qe3 Bxc3 13. Qxc3 Ne4 14. Qe3 Nf6
15. Nh4 Ng4 16. Bxg4 Bxg4 17. Qg3 h5 18. Be3 g5 19. Nf3 f6 20. h3 Bf5 21. Nd2
Qe7 22. h4 gxh4 23. Qxh4 O-O-O 24. Ne4 Rdg8 25. Ng3 Rg4 26. Qh3 h4 27. Nxf5
exf5 28. Rae1 Qh7 29. Bd2 Rhg8 30. Kh1 Qg6 31. Rg1 Rxd4 32. Bc3 Rg4 33. Re6 Nd7
34. Re7 Rf4 35. Qe3 Rg4 36. Qe6 Rd8 37. Ba5 Rd4 38. Bxd8 Kxd8 39. Qe3 Rg4 40.
Rd1 Re4 41. Rdxd7+ 1-0

[Event "DEM U12"]
[Site "Willingen"]
[Date "2006.06.03"]
[Round "1.21"]
[White "Neumair, Jerome"]
[Black "Hümmecke, Miriam"]
[Result "1-0"]
[WhiteElo "1596"]
[BlackElo "1295"]
[PlyCount "67"]
[EventDate "2006.??.??"]
[EventType "swiss"]
[EventRounds "11"]
[EventCountry "GER"]

1. c4 e5 2. Nc3 Nf6 3. Nf3 Nc6 4. e3 Bb4 5. Qc2 d6 6. Be2 Be6 7. a3 Ba5 8. b4
Bb6 9. Bb2 Qd7 10. d3 O-O 11. Rd1 a5 12. b5 Ne7 13. Na4 Ba7 14. d4 Bf5 15. Qb3
exd4 16. exd4 Qe6 17. Ng5 Qd7 18. O-O h6 19. Nf3 Ne4 20. Nc3 Rfe8 21. Nxe4 Bxe4
22. Nd2 Bf5 23. Bf3 Rab8 24. Ne4 Ng6 25. Ng3 Bg4 26. Bxg4 Qxg4 27. Qc3 b6 28.
h3 Qg5 29. Rfe1 h5 30. Bc1 Qf6 31. Nxh5 Qd8 32. d5 Ne5 33. f4 Ng6 34. Qxg7# 1-0

[Event "DEM U12"]
[Site "Willingen"]
[Date "2006.06.03"]
[Round "1.22"]
[White "Schareck, Martin"]
[Black "Rieping, Heiner"]
[Result "0-1"]
[WhiteElo "1294"]
[BlackElo "1591"]
[PlyCount "52"]
[EventDate "2006.??.??"]
[EventType "swiss"]
[EventRounds "11"]
[EventCountry "GER"]

1. d4 d5 2. c4 e6 3. Nc3 f5 4. Nf3 Nf6 5. Bf4 c6 6. e3 Be7 7. cxd5 exd5 8. Bd3
O-O 9. Qc2 Ne4 10. Nxe4 fxe4 11. Bxe4 dxe4 12. Qxe4 Bf5 13. Qe5 Nd7 14. Qc7
Qxc7 15. Bxc7 Bb4+ 16. Ke2 Nf6 17. a3 Be7 18. Nh4 Be6 19. Rac1 Nd5 20. Bg3 Rac8
21. h3 Nb6 22. Nf3 Bc4+ 23. Kd2 Bd5 24. Ke2 Nc4 25. Rc2 b5 26. Rhc1 Be4 0-1